000 00294nam a22001337a 4500
008 171106b xxu||||| |||| 00| 0 eng d
020 _a9789995612313
041 _aalb
080 _a330.722.6
100 _a61
101 _aKON
245 _aKONTABILITETI NACIONAL
_cPERE,E
942 _2udc
_cBK
999 _c37694
_d37694